| 000 | 00551nam a22001817a 4500 | ||
|---|---|---|---|
| 003 | BD-DhUL | ||
| 005 | 20210223095912.0 | ||
| 008 | 171114s1955 tu ||||| |||| 00| 0 per d | ||
| 040 |
_aBD-DhUL _cBD-DhUL |
||
| 082 |
_a891.551 _bKHH |
||
| 100 | 1 | _aخالد، مولانا۔ | |
| 245 | 0 |
_aھذا دیوان مولانا خالد / _cمولانا خالد۔ |
|
| 246 | _aHazā Dīwān-e-Mawlānā Khālid | ||
| 260 |
_aIstanbul : _bFethi Demir Matbaasi, _c1955. |
||
| 300 |
_aص۔ ۹۶ ؛ _c۲۲ سم۔ |
||
| 650 | 4 | _aPersian poetry. | |
| 942 |
_2ddc _cBK |
||
| 999 |
_c232044 _d232044 |
||